|
|
|
|
| LEADER |
03299nam a22004935i 4500 |
| 001 |
978-3-319-16045-0 |
| 003 |
DE-He213 |
| 005 |
20151204160724.0 |
| 007 |
cr nn 008mamaa |
| 008 |
150429s2015 gw | s |||| 0|eng d |
| 020 |
|
|
|a 9783319160450
|9 978-3-319-16045-0
|
| 024 |
7 |
|
|a 10.1007/978-3-319-16045-0
|2 doi
|
| 040 |
|
|
|d GrThAP
|
| 050 |
|
4 |
|a RC952-954.6
|
| 072 |
|
7 |
|a MJX
|2 bicssc
|
| 072 |
|
7 |
|a MED032000
|2 bisacsh
|
| 082 |
0 |
4 |
|a 618.97
|2 23
|
| 082 |
0 |
4 |
|a 612.67
|2 23
|
| 245 |
1 |
0 |
|a Prevention of Late-Life Depression
|h [electronic resource] :
|b Current Clinical Challenges and Priorities /
|c edited by Olivia I. Okereke.
|
| 264 |
|
1 |
|a Cham :
|b Springer International Publishing :
|b Imprint: Humana Press,
|c 2015.
|
| 300 |
|
|
|a X, 191 p. 12 illus., 7 illus. in color.
|b online resource.
|
| 336 |
|
|
|a text
|b txt
|2 rdacontent
|
| 337 |
|
|
|a computer
|b c
|2 rdamedia
|
| 338 |
|
|
|a online resource
|b cr
|2 rdacarrier
|
| 347 |
|
|
|a text file
|b PDF
|2 rda
|
| 490 |
1 |
|
|a Aging Medicine ;
|v 9
|
| 505 |
0 |
|
|a Prevention of Major Depression: A Global Priority -- The Framework for Prevention -- Social and Behavioral Risk Factors for Late-life Depression -- Prevention of Depression in Medical Conditions -- Vascular Depression and the Role of Neuroimaging and Biomarkers -- Measurement and Assessment in Late-life Depression -- Applications I: Indicated Prevention -- Applications II: Selective and Universal Prevention of Late-life Depression -- Health Policy and Economic Aspects of Late-life Depression Prevention -- Depression among Blacks during Late Life: Examining Within Group Variations -- Global Priorities and Possibilities.
|
| 520 |
|
|
|a This book illustrates the imperative for late-life depression prevention. It introduces a broad range of approaches to prevention, and provides detailed examples of clinical and research applications of late-life depression prevention – all with consideration of medical and scientific, social, economic and global health perspectives. Current guidelines and tools for assessing depressive disorders among older adults are discussed, with a view toward applications for prevention. Written by experts in the field, this text also considers policy and economic implications for preventing late-life depression, such as the many complicating conditions – such as diabetes, hypertension or heart disease – that may co-occur with depression among older adults and that may incur higher total healthcare costs. Prevention of Late-Life Depression: Current Clinical Challenges and Priorities is an important new volume that will be useful to all providers that are concerned with the mental health of our rapidly expanding aged population.
|
| 650 |
|
0 |
|a Medicine.
|
| 650 |
|
0 |
|a Geriatrics.
|
| 650 |
|
0 |
|a Primary care (Medicine).
|
| 650 |
|
0 |
|a Psychiatry.
|
| 650 |
1 |
4 |
|a Medicine & Public Health.
|
| 650 |
2 |
4 |
|a Geriatrics/Gerontology.
|
| 650 |
2 |
4 |
|a Psychiatry.
|
| 650 |
2 |
4 |
|a Primary Care Medicine.
|
| 700 |
1 |
|
|a Okereke, Olivia I.
|e editor.
|
| 710 |
2 |
|
|a SpringerLink (Online service)
|
| 773 |
0 |
|
|t Springer eBooks
|
| 776 |
0 |
8 |
|i Printed edition:
|z 9783319160443
|
| 830 |
|
0 |
|a Aging Medicine ;
|v 9
|
| 856 |
4 |
0 |
|u http://dx.doi.org/10.1007/978-3-319-16045-0
|z Full Text via HEAL-Link
|
| 912 |
|
|
|a ZDB-2-SME
|
| 950 |
|
|
|a Medicine (Springer-11650)
|